[Event "Chioggia op-B 06th"]
[Site "Chioggia"]
[Date "2011.10.07"]
[Round "1"]
[White "Padoan, Alessia"]
[Black "Boscolo Bragadin, Aldo"]
[Result "0-1"]
[WhiteElo "1380"]
[BlackElo "1658"]
[PlyCount "56"]
[EventDate "2011.10.07"]
[EventType "swiss"]
[EventRounds "5"]
[EventCountry "ITA"]
[SourceTitle "EXT 2022"]
[Source "ChessBase"]
[SourceDate "2021.10.06"]
[SourceVersion "1"]
[SourceVersionDate "2021.10.06"]
[SourceQuality "1"]

1. e4 d5 2. Nf3 dxe4 3. Nh4 e5 4. Nc3 Qxh4 5. g3 Qg4 6. Qxg4 Bxg4 7. Nxe4 Bf3 8. Rg1 Bxe4 9. Bd3 Bf3 10. a3 Nf6 11. Be2 Bc6 12. d3 Nbd7 13. Bg5 Bc5 14. b4 Bd4 15. Bxf6 Nxf6 16. Rd1 Bb2 17. c3 Bxc3+ 18. Kf1 0-0 19. Rc1 Bb2 20. Rc4 Rad8 21. Bd1 Rxd3 22. Bc2 Rxa3 23. Ke2 Bb5 24. Bd3 e4 25. Bc2 Bxc4+ 26. Kd2 Rd8+ 27. Ke1 Ra1+ 28. Bd1 Raxd1# 0-1